The Sea is a Good Place to Think Of the Future by Los Campesinos! - Statistics

General Stats
  • This quiz has been taken 16 times
  • The average score is 408 of 450
Answer Stats
Answer % Correct
a
100%
A
100%
again,
100%
again
100%
all
100%
and
100%
And
100%
ask
100%
At
100%
at
100%
attempt
100%
be
100%
behind,
100%
blood
100%
But
100%
but
100%
can
100%
closed
100%
day
100%
died
100%
diet
100%
doctors
100%
eating
100%
far,
100%
far
100%
feel
100%
feeling
100%
fourteen
100%
French
100%
from
100%
From
100%
general
100%
get
100%
got
100%
hand
100%
he
100%
hear
100%
heart
100%
her
100%
hold
100%
hundred
100%
I
100%
in
100%
In
100%
is
100%
it
100%
know
100%
leave
100%
let
100%
makes
100%
me
100%
meaning
100%
more
100%
mother
100%
my
100%
need
100%
no
100%
not
100%
of
100%
of,
100%
On
100%
on
100%
one
100%
operation
100%
own
100%
perfect
100%
routine
100%
said,
100%
said
100%
sea
100%
see
100%
she
100%
She
100%
she's
100%
significant
100%
So
100%
sound
100%
speak
100%
symmetry
100%
taken
100%
than
100%
the
100%
The
100%
then
100%
thousand
100%
tip
100%
to
100%
To
100%
too
100%
translate
100%
was
100%
what
100%
with
100%
With
100%
wrist
100%
years
100%
you
100%
You
100%
your
100%
You've
100%
you've
100%
ahead
89%
allergic
89%
always
89%
another
89%
believe
89%
course
89%
did
89%
expect
89%
experimenting
89%
five
89%
Five
89%
for
89%
futile
89%
give
89%
grabbed
89%
hell
89%
hurts
89%
like
89%
lungs
89%
ocean,
89%
pretty
89%
racists
89%
radio
89%
reaction
89%
rest
89%
shore
89%
single
89%
slip
89%
smoking
89%
Spent
89%
teens
89%
thing
89%
This
89%
trying
89%
up
89%
word
89%
about
78%
anesthetic
78%
ankles
78%
are
78%
boy
78%
could
78%
cut
78%
drag
78%
feet
78%
future
78%
getting
78%
golf
78%
good
78%
if
78%
kiss
78%
look
78%
never
78%
off
78%
place
78%
politics
78%
prescriptions
78%
rid
78%
sat
78%
sea's
78%
shoulders
78%
that
78%
them
78%
There
78%
think
78%
tide
78%
tongue
78%
Tory
78%
wait
78%
waiting
78%
wanting
78%
were
78%
When
78%
Without
78%
wonder
78%
away
67%
crazy
67%
dead
67%
down
67%
edge
67%
finger
67%
float
67%
government
67%
gray
67%
just
67%
program
67%
right
67%
same
67%
set
67%
shade
67%
southern
67%
states
67%
triple
67%
video
67%
wish
67%
before
56%
call
56%
chat
56%
Either
56%
end
56%
every
56%
flood
56%
games
56%
have
56%
host,
56%
joked
56%
left
56%
looks
56%
machine,
56%
may
56%
model's
56%
oh
56%
pier
56%
Sand
56%
show
56%
side
56%
talk
56%
they
56%
through
56%
view
56%
way
56%
world
56%
you'd
56%
here
44%
landscape
44%
overcast
44%
salt
44%
weather
44%
Best
33%
known
33%
No matching quizzes found
Score Distribution
Percent of People with Each Score
Percentile by Number Answered
Your Score History
You have not taken this quiz